| 000 | 01949cam a22004814i 4500 | ||
|---|---|---|---|
| 003 | PE-LiUPU | ||
| 005 | 20250731173336.0 | ||
| 008 | 150706s r 000 0 d | ||
| 020 | _a9780664221188 | ||
| 035 | _a(Sirsi) i9780664221188 | ||
| 040 |
_aPE-LiUPU _bspa _cPE-LiUPU _erda |
||
| 049 | _aPRUA | ||
| 082 | 0 | 4 |
_a225.07 _bNTL _221 |
| 100 | 1 |
_aJohnson, Luke Timothy, _eautor. |
|
| 245 | 1 | 0 |
_aHebrews : _ba commentary / _cLuke Timothy Johnson. |
| 264 | 1 |
_aLouisville, Ky. : _bWestminster John Knox Press, _c2006. |
|
| 300 |
_a402 páginas ; _c23 centímetros |
||
| 336 |
_atext _2rdacontent |
||
| 337 |
_aunmediated _2rdamedia |
||
| 338 |
_avolume _2rdacarrier |
||
| 490 | 0 | _aThe New Testament Library | |
| 504 | _aIncluye bibliografía. | ||
| 505 | 0 | _aHebrews in the Christian tradition -- Hebrews as a First-Century composition -- Language -- Literary form -- Symbolic world -- Argument -- The circumstances of composition -- Rhetorical situation -- Date -- Author -- The theological challenge of Hebrews -- Living God, Living word -- Mature teaching of the Christ -- The Path of discipleship -- Commentary. | |
| 526 | _aSEG42 | ||
| 526 | _aSEG41 | ||
| 526 | _aSEG40 | ||
| 526 | _aSEG39 | ||
| 526 | _aP94 | ||
| 526 | _aP87 | ||
| 526 | _aP86 | ||
| 526 | _aP85 | ||
| 526 | _aP77 | ||
| 526 | _aP76 | ||
| 526 | _aP35 | ||
| 541 | _g104-3776787-4588217; | ||
| 630 |
_aBibia. _pHebreos _vComentarios. |
||
| 910 |
_agl _bjv _clch _d20090806 |
||
| 942 |
_2ddc _cBOOK |
||
| 949 |
_a225.07 NTL 19 _wDEWEY _c1 _i59776 _lCCODEBUL1 _mBUL _p34.00 _r0 _sY _tBOOK _u2015-7-6 _xTEOLOGIA _zUNKNOWN _0COMPRA _o.STAFF. Colección General |
||
| 994 |
_aC0 _bPEPRU |
||
| 596 | _a1 | ||
| 999 |
_a225.07 NTL 19 _wDEWEY _c49309 _i59776 _d49309 _e2022-5-15 _f2021-11-9 _g5 _lCCODEBUL1 _mBUL _n1 _p34.00 _q6 _r0 _sY _tBOOK _u2015-7-6 _xTEOLOGIA _zUNKNOWN _0COMPRA _o.STAFF. Colección General |
||
| 980 |
_81 _gALBERTO SANCHEZ Responsable de Automatización |
||